| 000 | 01638cam a2200253 a 4500 | ||
|---|---|---|---|
| 001 | 15186740 | ||
| 003 | OSt | ||
| 005 | 20260316063051.0 | ||
| 008 | 080220s2008 enk 001 0 eng | ||
| 010 | _a 2008007800 | ||
| 020 | _a9780199203109 | ||
| 040 |
_aDLC _cDLC _dDLC |
||
| 082 | _a341.77 CAS | ||
| 100 | 1 | _aCassese, Antonio | |
| 245 | 1 | 0 |
_aInternational criminal law / _cAntonio Cassese. |
| 250 | _a2nd ed. | ||
| 260 |
_aOxford : _bOxford University Press, _c2008. |
||
| 300 |
_ali, 455 p. ; _c25 cm. |
||
| 505 | 0 | _aFundamentals of international criminal law -- General principles of international criminal law -- The elements of international crimes -- War crimes -- Crimes against humanity -- Genocide -- Torture as a discrete crime, and aggression -- Terrorism as an international crime -- Perpetration and joint criminal enterprise -- Other modes of liability -- Criminal liability for omissions -- Justifications and excuses -- Other excuses: superior order, necessity, duress, and mistake -- Immunities -- The establishment of international criminal tribunals -- International versus national jurisdiction -- The adoption of the essential features of the adversarial system -- General principles governing international criminal trials -- Stages of international proceedings in outline: i-pre-trial and trial -- Appeals and enforcement -- The specificity of international trials. | |
| 650 | 0 | _aInternational crimes. | |
| 650 | 0 | _aCriminal procedure (International law) | |
| 856 | 4 | 1 |
_3Table of contents _uhttp://www.loc.gov/catdir/toc/ecip0812/2008007800.html |
| 942 |
_2ddc _cBK |
||
| 999 |
_c29964 _d29964 |
||